Регионална библиотека "Любен Каравелов" - Русе

Асен Найденов (Запис номер 118431)

MARC детайли
000 -Лидер
Контролно поле с фиксирана дължина 01904nam a2200421 a 4500
003 - Код на организацията, давaща контролен номер
Контролно поле BLK
005 - Дата и час на последна редакция
Контролно поле 20241016142834.0
008 - Елементи от данни с фиксирана дължина
fixed length control field 180409b bul|||||r ||||||| ||bul||
010 ## - Наследен системен номер
LC control number KNG00124033000
040 ## - Източник на каталожния запис
Идентификатор на билиотеката - собственик на записа BLK
041 ## - Код за език
Код за езика на текст/звукозапис или на отделно заглавие Български
Код за езика КДБФ Български
080 ## - УДК
Текстов определител УДК Музикални изпълнители (инструменталисти, певци), интерпретатори, диригенти
УДК код - определител по УДК 78.071.2
УДК определител (497.2)(092)
УДК - код + определител 78.071.2(497.2)(092)
080 ## - УДК
Текстов определител УДК Български диригент
УДК код - определител по УДК 929 Найденов, Асен Яков
УДК - код + определител 929 Найденов, Асен Яков
100 1# - Редна дума - Автор
Автор Бончев, Марин Цолов
Авторска отговорност първи автор
R(LIN) 273278
139 ## - Редно поле
Редна дума Бончев, Марин Цолов
Авторски знак Наи - Н 17
245 10 - Сведения за заглавието
Заглавие Асен Найденов
Подзаглавни данни При патриарха на бълг. оперен театър : Биогр.
Редно поле (дума) Марин Бончев, предг. от Розалия Бикс.
257 ## - Страна на издаване
Страна на създаване/издаване България
260 ## - Област на издателските данни
Място на издаване, разпространение и проч. София
Име на издателя, разпространителя и проч. Музика
Година на издаване 1985
Печатница Ямбол : Г. Димитров
300 ## - Физическа характеристика
Страници 207 с.
Илюстрации и др. 16 л. ил., портр., факс.
Размери/Мащаб 20 см
380 ## - Жанр
Жанр Изкуство
490 ## - СЕРИИ (Колекции)
Име на серия Български изпълнители
9 (RLIN) 204948
500 ## - Общи забележки
Забележка тир. 834
600 #0 - Име на лице, използвано като предмет
За него / За нея Найденов, Асен Яков
Титли или други наименования, свързани с автора Диригент
Свързани дати 1899 - 1995
9 (RLIN) 315674
650 #4 - Допълнително описание по предмет – тема
Основно описание – тема или топоним Диригенти, български
9 (RLIN) 246357
651 #4 - Допълнително описание по предмет - топоним
Географско понятие България
9 (RLIN) 241624
653 ## - Ключова дума – ненормативна
Ключова дума диригенти
653 ## - Ключова дума – ненормативна
Ключова дума България
653 ## - Ключова дума – ненормативна
Ключова дума Асен Найденов
700 ## - Други автори (авторска отговорност)
9 (RLIN) 1236
Лично име Бикс, Розалия Александрова
Автороска отговорност (Описва отношението между автора и произведението) предг. от
852 ## - Местоположение
Форматна сигнатура Цб 133523
856 4# - Електронен адрес и достъп
Електронен формат pdf - файл
Инструкция (цена за достъп) 0.00
Права за достъп disable
856 4# - Електронен адрес и достъп
Електронен формат pdf - файл
Инструкция (цена за достъп) 0.00
Права за достъп disable
999 ## - СИСТЕМНИ КОНТРОЛНИ НОМЕРА
Koha biblionumber 118431
Koha biblioitemnumber 118431
942 ## - АРТИКУЛИ
Вид на библиотечния материал Книги
Скрит в OPAC Не
Периодичен библиозапис Да
944 ## - СЪЗДАВАНЕ И РЕДАКЦИЯ на ЗАПИСА
Създаване/Редакция Създаване
Дата на регистрацията/редакция 29.06.2011
Статус, дата на статуса Севдалина Тодорова
Служител, извършил регистрацията/редакцията 30540
944 ## - СЪЗДАВАНЕ И РЕДАКЦИЯ на ЗАПИСА
Създаване/Редакция Редакция
Дата на регистрацията/редакция 2023-04-28
Статус, дата на статуса 2023-04-28
Служител, извършил регистрацията/редакцията ир
999 ## - СИСТЕМНИ КОНТРОЛНИ НОМЕРА
Koha biblioitemnumber 118431
999 ## - СИСТЕМНИ КОНТРОЛНИ НОМЕРА
Koha biblioitemnumber 118431
Наличности
Код за отписване Код за изгубен артикул Източник на класификационната схема Код за повреда Коз за рестрикции Код за отдаване Артикулен № Име на библиотеката - собственик Име на библиотеката, в която се намира в момента Статус (Текущо местоположение) Дата на вписване в системата Местоположение - отдел Цена в лева Инвентарен номер Систематично азбучна сигнатура Баркод Номер на екземпляра Цена в евро Служебна бележка Служебен тип на артикула
  Не е изгубен Universal Decimal Classification Не е повреден без рестрикции заемане за дома 190801 Регионална библиотека "Любен Каравелов" Русе Регионална библиотека "Любен Каравелов" Русе Отдел Изкуство - подръчен фонд 1985-01-01 Отдел Изкуство - подръчен фонд 1.45 431434 78.071.2(092)/Н 17 120000431434 1 0.74 N: стар фонд Дата: 01.01.1985 Дата инв: 20.06.2012 Бележки инв: * Книги
  Не е изгубен Universal Decimal Classification Не е повреден само за читалня ползва се в читалня 190802 Регионална библиотека "Любен Каравелов" Русе Регионална библиотека "Любен Каравелов" Русе Хранилище 1985-01-01 Хранилище 1.45 425986 Цб 133523 120000425986 2 0.74 Дост: Dp Вид: Д N: стар фонд Дата: 01.01.1985 Книги
Vip Innovations Ltd, Rousse, Bulgaria 2025